Operating Systems: A Concept- Based Approach (Record no. 1930)

MARC details
005 - DATE AND TIME OF LATEST TRANSACTION
control field 20250505124524.0
020 ## - INTERNATIONAL STANDARD BOOK NUMBER
International Standard Book Number 978-0-07-295769-3
082 ## - DEWEY DECIMAL CLASSIFICATION NUMBER
Classification number LECT 005.43 DHA
100 ## - MAIN ENTRY--PERSONAL NAME
Author name DHAMDHERE, D. M.
245 ## - TITLE STATEMENT
Title Operating Systems: A Concept- Based Approach
260 ## - PUBLICATION, DISTRIBUTION, ETC.
Place of publication, distribution, etc. New York,
Name of publisher, distributor, etc. McGraw-Hill,
Date of publication, distribution, etc. 2009.
300 ## - PHYSICAL DESCRIPTION
Extent xx, 828p,: ill.; figure, table.
Other physical details Bibliography & index.
Dimensions 24cm.
942 ## - ADDED ENTRY ELEMENTS (KOHA)
Source of classification or shelving scheme Dewey Decimal Classification
Koha item type Books
Holdings
Date last seen Total checkouts Full call number Barcode Cost, replacement price Price effective from Koha item type Lost status Source of classification or shelving scheme Damaged status Not for loan Withdrawn status Home library Current library Shelving location Date acquired Cost, normal purchase price
05/05/2025   LECT 005.43 DHA 0000007476 180000.00 05/05/2025 Books   Dewey Decimal Classification       College of Business Education Main Library College of Business Education Main Library General Collection 05/26/2011 60000.00
05/05/2025   LECT 005.43 DHA 0000007478 180000.00 05/05/2025 Books   Dewey Decimal Classification       College of Business Education Main Library College of Business Education Main Library General Collection 05/26/2011 60000.00
05/05/2025   LECT 005.43 DHA 0000007479 180000.00 05/05/2025 Books   Dewey Decimal Classification       College of Business Education Main Library College of Business Education Main Library General Collection 05/26/2011 60000.00
05/05/2025   LECT 005.43 DHA 0000007480 180000.00 05/05/2025 Books   Dewey Decimal Classification       College of Business Education Main Library College of Business Education Main Library General Collection 05/26/2011 60000.00